Diagnostika rastu podniku
Podniková diagnostika rozoznáva a vyhodnocuje javy súvisiace s fungovaním podniku ako systému v určitom prostredí, pri ktorom sa využívajú overené prístupy, metódy a techniky. Cieľom podnikovej diagnostiky je vytvoriť komplexnú a usporiadanú sústavu poznatkov o vykonávaní diagnóz. Rast podniku a jeh...
Guardado en:
| Autor principal: | |
|---|---|
| Formato: | Capítulo de libro |
| Lenguaje: | eslovaco |
| Materias: | |
| Etiquetas: |
Sin Etiquetas, Sea el primero en etiquetar este registro!
|
MARC
| LEADER | 00000naa$a2200000$$$4500 | ||
|---|---|---|---|
| 001 | 0010922 | ||
| 005 | 20240502071355.9 | ||
| 041 | 0 | |a slo | |
| 044 | |a SK | ||
| 245 | 1 | 0 | |a Diagnostika rastu podniku |c aut. Anna Neumannová |
| 520 | |a Podniková diagnostika rozoznáva a vyhodnocuje javy súvisiace s fungovaním podniku ako systému v určitom prostredí, pri ktorom sa využívajú overené prístupy, metódy a techniky. Cieľom podnikovej diagnostiky je vytvoriť komplexnú a usporiadanú sústavu poznatkov o vykonávaní diagnóz. Rast podniku a jeho kvantifikácia. Funkcie rastu dopytu a ponuky. Funkcia nákladov. Grafické znázornenie Marrisovho modelu. Penrosov model rastu podniku. | ||
| 610 | 2 | 0 | |a rast podniku |
| 610 | 2 | 0 | |a diagnostika podniková |
| 610 | 2 | 0 | |a podnik |
| 610 | 2 | 0 | |a kvantifikácia |
| 610 | 2 | 0 | |a modely rastu |
| 610 | 2 | 0 | |a funkcie dopytové |
| 610 | 2 | 0 | |a funkcie nákladové |
| 100 | 1 | |a Neumannová, Anna | |